000
00283nam a22001337a 4500
008
170130b xxu||||| |||| 00| 0 eng d
020
_a
0918082064
041
_a
eng
080
_2
6TH
_a
61
100
_a
3
101
_a
SHMI
245
_a
MATH FOR MEDS
_c
CURREN, A.M
942
_2
udc
_c
BK
999
_c
4021
_d
4021